Περιβαλλοντική πληροφόρηση και συμμετοχή στη λήψη αποφάσεων
Αποθηκεύτηκε σε:
| Κύριος συγγραφέας: | |
|---|---|
| Άλλοι συγγραφείς: | , , |
| Μορφή: | Βιβλίο |
| Γλώσσα: | Greek English |
| Δημοσίευση: |
Αθήνα :
Σάκκουλας,
2003.
|
| Σειρά: | Νόμος + Φύση. Βιβλιοθήκη περιβαλλοντικού δικαίου (Σάκκουλας)
; 10 |
| Θέματα: | |
| Ετικέτες: |
Προσθήκη ετικέτας
Δεν υπάρχουν, Καταχωρήστε ετικέτα πρώτοι!
|
MARC
| LEADER | 00000cam a2200000 i 4500 | ||
|---|---|---|---|
| 001 | 1/94160 | ||
| 008 | 080918s2003 gr | ||| |||| ||gre|| | ||
| 020 | |a 9601509402 | ||
| 035 | |l 10100273 | ||
| 040 | |a GR-MyUA |b gre |e AACR2 | ||
| 041 | 1 | |a gre |h eng | |
| 082 | 7 | |a 344.046 |2 (22) | |
| 100 | 1 | |a Ζιάμος, Γεώργιος. | |
| 245 | 1 | 0 | |a Περιβαλλοντική πληροφόρηση και συμμετοχή στη λήψη αποφάσεων / |c Γ. Ζιάμος, Π. Παναγιωτόπουλος, Β. Ρουμελιώτου ; πρόλογος: Γιώργος Παπαδημητρίου. |
| 260 | |a Αθήνα : |b Σάκκουλας, |c 2003. | ||
| 300 | |a 212 σ. ; |c 21 εκ. | ||
| 490 | 1 | |a (Νόμος + Φύση. Βιβλιοθήκη περιβαλλοντικού δικαίου / Σάκκουλας ; |v 10) | |
| 500 | |a Τίτλος πρωτοτύπου: Environmental information and participation in decision-making. | ||
| 504 | |a Περιέχει βιβλιογραφικές παραπομπές. | ||
| 650 | 0 | 0 | |a Environmental policy |x Decision making |x Citizen participation. |
| 650 | 0 | 0 | |a Environmental law. |
| 700 | 1 | |a Παναγιωτόπουλος, Παναγιώτης. | |
| 700 | 1 | |a Ρουμελιώτου, Βιβή. | |
| 700 | 1 | |a Παπαδημητρίου, Γιώργος Αλ., |d 1944-2009, |e aui | |
| 830 | 0 | |a Νόμος + Φύση. |p Βιβλιοθήκη περιβαλλοντικού δικαίου (Σάκκουλας) |v ; 10 | |
| 852 | |a INST |b LESVOS |e 20080918 |h 344.046 ZIA |p 005100044411 |q 005100044411 |t BK |y 0 | ||
| 901 | |a BIBL1-2008-3 | ||
| 909 | |a Λ |b 143834 | ||
| 922 | |a 1ΕΛΗ |b 200712 |c ΕΠΕΑΕΚ2/ΤΠ |d Σ. ΠΑΤΑΚΗΣ | ||
| 970 | |a ΓΙΑΛΑΜΑ |b ΜΑΡΙΑ |z 2008/09/18 | ||